Datum a čas kvízu
41.5
Celkem bodů
Celkový počet nahraných bodů na tomto kvízu bez doplňovacích otázek.
1.
Pořadí na kvízu
Konečné umístění týmu na tomto kvízu.
Zaznamenané odpovědi
| # | Otázka | Odpověď | Body | Výsledky |
|---|---|---|---|---|
| 1. | Který český ministr v poslední... | Vít Rakušan | 1 | |
| 2. | Na jihokorejských sociálních s... | párátka | 1 | |
| 3. | Která poměrně mladá zpěvačka z... | Billie Eilish | 1 | |
| 4. | Minulý týden byl spuštěn elekt... | DiPSy | 1 | |
| 5. | Jak se jmenuje 38letý český cy... | Zdeněk Štybar | 1 | |
| 6. | Ve třetím díle cestovatelského... | Jeseník | 1 | |
| 7. | Přejdeme k písmenu K. Který z... | B | 0 | |
| 8. | Kdepak Paříž. Ve kterém městě... | v Las Vegas | 1 | |
| 9. | S písmenem M se vracíme do Čes... | v Mníšku pod Brdy | 0 | |
| 10. | Ve kterém století byl vybudová... | v 19. století | 1 |